- Educadores
Entry Materia
001 - NÚMERO DE CONTROL DEL REGISTRO
- campo de control: 16283
003 - IDENTIFICADOR DE NUMERO DE CONTROL
- campo de control: UPN
005 - FECHA Y HORA DE LA ÚLTIMA TRANSACCIÓN
- campo de control: 20210219193844.0
008 - DATOS DE LONGITUD FIJA
- campo de control de longitud fija: s2006 r 000 0 spa d
010 ## - NÚMERO DE CONTROL DE LA BIBLIOTECA DEL CONGRESO (LC)
- LC control number: sh 85041161
035 ## - NÚMERO DE CONTROL DEL SISTEMA
- Número de control del sistema: UPN10000016291
040 ## - FUENTE DE LA CATALOGACIÓN
- Centro catalogador de origen: DLC
- Lengua de catalogación: spa
- Agencia de transcripción: UPN
053 ## - NÚMERO CLASIFICADOR - BIBLIOTECA DEL CONGRESO (LC)
- Elemento numérico de la clasificación - Número único o no. inicial del rango: LA2301 LA2397
- Elemento numérico de la clasificación - Número único o no. final del rango: LA2397
- Frase explicativa: Biografía
150 ## - ENCABEZAMIENTO - TEMÁTICO
- Término de materia o nombre geográfico como elemento inicial: Educadores
450 ## - VÉASE - MATERIA
- Encabezamiento temático: Facultad (Educación)
450 #0 - VÉASE - MATERIA
- Encabezamiento temático: Educators
550 ## - VÉASE ADEMÁS - MATERIA
- Subcampo de control: g
- Encabezamiento temático o nombre geográfico como elemento de entrada: Educación
550 ## - VÉASE ADEMÁS - MATERIA
- Encabezamiento temático o nombre geográfico como elemento de entrada: Maestros
670 ## - FUENTE EN LA QUE SE LOCALIZARON DATOS
- Cita de la fuente: Biblioteca del Congreso (Estados Unidos), 01 abril 2010 :
- Información localizada: Catálogo electrónico (Educators)
680 ## - NOTA GENERAL CON DESPLIEGUE PÚBLICO
- Texto explicativo: Aquí se asientan los trabajos que tratan sobre aquellas personas especialistas en el campo de la educación o quienes son autoridades en problemas, teorías y métodos educativos. Los trabajos que traten sobre aquellas personas, cuya ocupación sea la instrucción, se asentarán bajo
- Encabezamiento: Maestros
681 ## - NOTA DE ENVÍO A EJEMPLOS DE ENCABEZAMIENTO TEMÁTICO
- Texto explicativo: Nota bajo
- Encabezamiento: Maestros
750 #0 - ASIENTO LIGADO AL ENCABEZAMIENTO - TÉRMINO TEMÁTICO
- Encabezamiento temático: Educators
- Número de control del registro: sh 85041161
902 ## - CATALOGADOR
- Catalogador: BDV/BDV
903 ## -
- : Nivel 3
